| 000 | 00524nam a2200193Ia 4500 | ||
|---|---|---|---|
| 999 |
_c30985 _d30985 |
||
| 001 | 30862 | ||
| 003 | PK-LaUMT | ||
| 005 | 20221004173437.0 | ||
| 008 | 140416s9999 xx 000 0 und d | ||
| 020 | _a0-8213-4801-9 | ||
| 040 | _cPK-LaUMT | ||
| 082 |
_aW 945.632 _bRIN-R |
||
| 100 | _aDena Ringold | ||
| 245 |
_aRoma and the transition in central and Eastern Europe _btrends and challenges _cDena Ringold |
||
| 260 |
_aWashington,USA: _bWorld Bank, _c2000 |
||
| 300 | _a54 p. | ||
| 546 | _aEN | ||
| 942 |
_cWEEDED OUT _2ddc |
||